000 00706nam a2200289Ia 4500
005 20260324150259.0
008 008 260324s9999 xx 000 0 eng d
020 _a9781315511535
037 _aEBOOK
040 _aCRL
040 _beng
040 _cCRL
041 _2eng
041 _aeng
084 _qCRL
100 _aDavid Furley; Reginald E Allen
_91225030
245 0 _aStudies in Presocratic Philosophy Volume 1
245 4 _bThe Beginnings of Philosophy
260 _bTaylor and Francis
260 _c1970
365 _a
365 _b300
856 _uhttp://www.taylorfrancis.com/books/9781315511535
942 _cEBOOK
999 _c1835056
_d1835056